Criminal procedure for the criminal justice professional / (Record no. 9802)

MARC details
000 -LEADER
fixed length control field 02155cam a2200337 a 4500
001 - CONTROL NUMBER
control field 17060079
003 - CONTROL NUMBER IDENTIFIER
control field OSt
005 - DATE AND TIME OF LATEST TRANSACTION
control field 20230622113245.0
008 - FIXED-LENGTH DATA ELEMENTS--GENERAL INFORMATION
fixed length control field 111128s2013 cauk b 001 0 eng
010 ## - LIBRARY OF CONGRESS CONTROL NUMBER
LC control number 2011944304
020 ## - INTERNATIONAL STANDARD BOOK NUMBER
International Standard Book Number 9781111835583 (hbk. : student ed.)
020 ## - INTERNATIONAL STANDARD BOOK NUMBER
International Standard Book Number 1111835586 (hbk. : student ed.)
040 ## - CATALOGING SOURCE
Original cataloging agency DLC
Transcribing agency LC
Modifying agency DLC
042 ## - AUTHENTICATION CODE
Authentication code pcc
050 00 - LIBRARY OF CONGRESS CALL NUMBER
Classification number KF9619.F47
100 1# - MAIN ENTRY--PERSONAL NAME
Personal name Ferdico, John N.
9 (RLIN) 1795
245 10 - TITLE STATEMENT
Title Criminal procedure for the criminal justice professional /
Statement of responsibility, etc. John N. Ferdico, Henry F. Fradella, Christopher D. Totten.
250 ## - EDITION STATEMENT
Edition statement 11th ed.
260 ## - PUBLICATION, DISTRIBUTION, ETC.
Place of publication, distribution, etc. Belmont, CA :
Name of publisher, distributor, etc. Wadsworth Cengage Learning,
Date of publication, distribution, etc. 2013.
300 ## - PHYSICAL DESCRIPTION
Extent xxii, 650 p. :
Other physical details forms ;
Dimensions 27 cm.
504 ## - BIBLIOGRAPHY, ETC. NOTE
Bibliography, etc. note Includes bibliographical references (p. 622-627) and indexes.
505 ## - FORMATTED CONTENTS NOTE
Formatted contents note Contents: Framework fr the study of criminal procedure: Individual rights under the United States constitution -- Criminal courts, pretrial processes, and the exclusionary rule - Basic underlying concepts: privacy, probable cause, and reasonableness -- Search warrants, arrest, stops, and frisks: Criminal investigatory search warrants -- Searches for electronically stored information and electronic surveillance -- Administrative and special needs searches -- Arrests, searches incident to arrest, and protective sweeps -- Stops and frisks -- Exceptions to the search warrant requirement: Consent searches -- The plain view doctrine -- Search and seizure of vehicles and containers -- Open fields and abandoned property -- Interrogations, identifications, trials and post-conviction remedies: Interrogations, admissions, and confessions -- Pretrial visual identification procedures -- Criminal trials, appeals, and postconviction remedies --
650 #0 - SUBJECT ADDED ENTRY--TOPICAL TERM
Topical term or geographic name entry element Criminal procedure
Geographic subdivision United States.
9 (RLIN) 1796
700 1# - ADDED ENTRY--PERSONAL NAME
Personal name Fradella, Henry F.
9 (RLIN) 1797
700 1# - ADDED ENTRY--PERSONAL NAME
Personal name Totten, Christopher D.
9 (RLIN) 1798
856 41 - ELECTRONIC LOCATION AND ACCESS
Materials specified Table of contents only
Uniform Resource Identifier <a href="http://www.loc.gov/catdir/toc/fy13pdf01/2011944304.html">http://www.loc.gov/catdir/toc/fy13pdf01/2011944304.html</a>
906 ## - LOCAL DATA ELEMENT F, LDF (RLIN)
a 7
b cbc
c origcop
d 2
e epcn
f 20
g y-gencatlg
942 ## - ADDED ENTRY ELEMENTS (KOHA)
Source of classification or shelving scheme Library of Congress Classification
Koha item type Books
Holdings
Withdrawn status Lost status Source of classification or shelving scheme Damaged status Not for loan Home library Current library Shelving location Date acquired Total Checkouts Full call number Barcode Date last seen Copy number Price effective from Koha item type
    Library of Congress Classification     WISCONSIN INTERNATIONAL UNIVERSITY COLLEGE, GHANA KUMASI LIBRARY WISCONSIN INTERNATIONAL UNIVERSITY COLLEGE, GHANA KUMASI LIBRARY Law Library 05/06/2023   KF9619.F47(11e) KSL/2266/469/23 22/06/2023 1 22/06/2023 Books
    Library of Congress Classification     WISCONSIN INTERNATIONAL UNIVERSITY COLLEGE, GHANA KUMASI LIBRARY WISCONSIN INTERNATIONAL UNIVERSITY COLLEGE, GHANA KUMASI LIBRARY Law Library 05/06/2023   KF9619.F471(11e) KSL/2267/470/23 22/06/2023 2 22/06/2023 Books

If you have any concerns or questions; kindly contact the library


© Powered by WIUC ICT DIRECTORATE